000 01396nam0a2200397 4500
001 RU\NLR\bibl\447678
005 20250623180812.0
010 _a5-89692-081-4
_bВ пер.
_92000
021 _aRU
_b2003-35274
_91673
035 _a(NLR Aleph) 000441333
090 _a816054
_c816054
100 _a20030908d2003 |||y0rusy50 ca
101 1 _arus
_ceng
102 _aRU
105 _ay |||||||||
200 1 _aМагическая сила сознания
_eТехники созидат. мышления
_e[Пер. с англ.]
_fДункан Макколл
210 _aМ.
_cКСП+
_d2003
215 _a223 с.
_d21
225 1 _aБиблиотека NLP
300 _aЗагл. и авт. ориг.: The magic of mind power / Duncan McColl
454 0 _12001#$aThe magic of mind power$fDuncan McColl
_tThe magic of mind power
606 0 _aНейролингвистическое программирование
_91070284
_3RU\NLR\auth\6698234
610 0 _aГипноз
610 0 _aНейролингвистика
675 _a615.851.111
_v3
_zrus
686 _a76.29
_2rugasnti
686 _a53.57
_2rubbk
686 _aР357.111
686 _aЮ948.1-82
700 1 _aМакколл
_bД.
_gДункан
_4070
801 0 _aRU
_bRKP
_c20030908
_gPSBO
801 1 _aRU
_bRKP
_c20030908
801 2 _aRU
_bNLR
_c20031112
_grcr
942 _cBOOK
980 _aNB